Жаби (Запис номер 124122)
[ съкратено ]
| 000 -Лидер | |
|---|---|
| Контролно поле с фиксирана дължина | 01109nam a2200289 c 4500 |
| 003 - Код на организацията, давaща контролен номер | |
| Контролно поле | BLK |
| 005 - Дата и час на последна редакция | |
| Контролно поле | 20180420231802.0 |
| 008 - Елементи от данни с фиксирана дължина | |
| fixed length control field | 180409b bul|||||r ||||||| ||bul|| |
| 010 ## - Наследен системен номер | |
| LC control number | KNG00129785000 |
| 040 ## - Източник на каталожния запис | |
| Идентификатор на билиотеката - собственик на записа | BLK |
| 041 ## - Код за език | |
| Код за езика на текст/звукозапис или на отделно заглавие | Български |
| Код за езика КДБФ | Български |
| 080 ## - УДК | |
| Текстов определител УДК | Класическа гръцка литература. Старогръцка литература |
| УДК код - определител по УДК | 821.142 |
| УДК определител | -22 |
| УДК - код + определител | 821.142-22 |
| 100 1# - Редна дума - Автор | |
| Автор | Аристофан |
| Авторска отговорност | първи автор |
| R(LIN) | 33430 |
| 139 ## - Редно поле | |
| Редна дума | Аристофан |
| Авторски знак | Ари - А 84 |
| 245 10 - Сведения за заглавието | |
| Заглавие | Жаби |
| Подзаглавни данни | Комедия : В 6 д. |
| Редно поле (дума) | Аристофан; прев. Ив. Шишков. |
| 257 ## - Страна на издаване | |
| Страна на създаване/издаване | Древна Гърция |
| 260 ## - Област на издателските данни | |
| -- | Пловдив |
| Име на издателя, разпространителя и проч. | Отец Паисий |
| Година на издаване | 1917 |
| Печатница | Пловдив : Г. Йонов |
| 300 ## - Физическа характеристика | |
| Страници | 109 с. |
| Размери/Мащаб | 18 см |
| 380 ## - Жанр | |
| Жанр | Худож. лит. |
| 490 1# - СЕРИИ (Колекции) | |
| Име на серия | Нова художествена библиотека |
| №: серия | № 76-78 |
| 700 1# - Други автори (авторска отговорност) | |
| Лично име | Шишков, Ив. |
| Автороска отговорност (Описва отношението между автора и произведението) | прев. |
| 9 (RLIN) | 318637 |
| 852 ## - Местоположение | |
| Форматна сигнатура | Цб 8.140.5684 |
| 856 4# - Електронен адрес и достъп | |
| Електронен формат | pdf - файл |
| Път до файла /url/ | |
| 856 4# - Електронен адрес и достъп | |
| Електронен формат | pdf - файл |
| Път до файла /url/ | |
| 942 ## - АРТИКУЛИ | |
| Вид на библиотечния материал | Книги |
| Скрит в OPAC | Не |
| 944 ## - СЪЗДАВАНЕ И РЕДАКЦИЯ на ЗАПИСА | |
| Създаване/Редакция | Създаване |
| Дата на регистрацията/редакция | 19.04.2012 |
| Статус, дата на статуса | 19.04.2012 - от С1,Р / 19.04.2012 |
| Служител, извършил регистрацията/редакцията | Кети_Илиева |
| 944 ## - СЪЗДАВАНЕ И РЕДАКЦИЯ на ЗАПИСА | |
| Създаване/Редакция | Редакция |
| Дата на регистрацията/редакция | 19.04.2012 |
| Статус, дата на статуса | 19.04.2012 - от С1,Р / 19.04.2012 |
| Служител, извършил регистрацията/редакцията | |
| 999 ## - СИСТЕМНИ КОНТРОЛНИ НОМЕРА | |
| Koha biblionumber | 124122 |
| Koha biblioitemnumber | 124122 |
| Код за отписване | Код за изгубен артикул | Източник на класификационната схема | Код за повреда | Коз за рестрикции | Код за отдаване | Артикулен № | Име на библиотеката - собственик | Име на библиотеката, в която се намира в момента | Статус (Текущо местоположение) | Дата на вписване в системата | Местоположение - отдел | Цена в лева | Инвентарен номер | Систематично азбучна сигнатура | Баркод | Номер на екземпляра | Цена в евро | Служебна бележка | Служебен тип на артикула |
|---|---|---|---|---|---|---|---|---|---|---|---|---|---|---|---|---|---|---|---|
| Не е изгубен | Universal Decimal Classification | Не е повреден | без рестрикции | ползва се в читалня | 201209 | Регионална библиотека "Любен Каравелов" Русе | Регионална библиотека "Любен Каравелов" Русе | Хранилище | 1917-01-01 | Основен фонд - ползва се само за читалня | 0.09 | 5684 | Цб 8.140.5684 | 900000046936 | 1 | 0.05 | Вид: СФ Дата: 01.01.1917 | Книги |